Todos os times que o Palmeiras já enfrentou na Libertadores - Statistics

Estatísticas Gerais
  • Esse quiz foi jogado 248 vezes
  • A pontuação média é 40 de 68
Estatísticas das Respostas
País Time % Correto
COL Atlético Nacional
97%
ARG Boca Juniors
96%
BRA Flamengo
96%
EQU El Nacional
94%
BRA São Paulo
94%
BRA Corinthians
93%
ARG River Plate
92%
URU River Plate
92%
BRA Santos
90%
BRA Grêmio
86%
BRA Botafogo
85%
BRA Cruzeiro
84%
URU Nacional
84%
URU Peñarol
83%
BRA Vasco da Gama
83%
BRA Atlético Mineiro
81%
BRA Fluminense
81%
CHI Colo-Colo
79%
BOL Bolívar
78%
PAR Cerro Porteño
73%
ARG Independiente
73%
BOL Independiente Petrolero
73%
VEN Deportivo Portugués
70%
VEN Deportivo Táchira
70%
EQU LDU Quito
70%
PAR Olimpia
70%
BRA Sport
69%
COL Deportivo Pereira
68%
COL Deportivo Cali
67%
VEN Deportivo Galicia
67%
VEN Deportivo Italia
67%
ARG Estudiantes
65%
PER Universitario
64%
PER Alianza Lima
63%
BRA Athletico Paranaense
62%
ARG San Lorenzo
61%
EQU Barcelona de Guayaquil
60%
PAR Libertad
60%
CHI Universidad Católica
59%
EQU Independiente del Valle
56%
ARG Tigre
55%
COL Junior de Barranquilla
54%
PAR Guaraní
49%
BRA Guarani
49%
BRA São Caetano
45%
BOL The Strongest
45%
CHI Universidad de Chile
45%
ARG Vélez Sarsfield
45%
EQU Emelec
44%
PER Sporting Cristal
42%
ARG Rosário Central
40%
MEX Tijuana
40%
BOL Jorge Wilstermann
32%
ARG Atlético Tucumán
31%
URU Liverpool
30%
BRA Juventude
29%
BRA Santo André
29%
EQU Delfín
27%
MEX Atlas
25%
ARG Defensa y Justicia
25%
ARG Godoy Cruz
23%
BRA Náutico
23%
BOL Real Potosí
23%
PER Melgar
20%
COL Santa Fe
15%
PER Sport Boys
11%
PAR Tacuary
8%
BOL Municipal
2%
Nenhum quiz correspondente encontrado
Distribuição das Pontuações
Porcentagem de Pessoas com Cada Pontuação
Percentil de Números Respondidos
Sua Pontuação Histórica
Você não jogou esse quiz